|
|
|
|
| LEADER |
00000nam2a2200000 4500 |
| 001 |
366083 |
| 005 |
20231102011840.0 |
| 035 |
|
|
|a (RuTPU)RU\TPU\retro\23446
|
| 090 |
|
|
|a 366083
|
| 100 |
|
|
|a 20220128d1979 km y0rusy50 ca
|
| 101 |
0 |
|
|a rus
|
| 102 |
|
|
|a RU
|
| 105 |
|
|
|a a z 001zy
|
| 200 |
0 |
|
|a Т.2 : Геодинамика
|
| 210 |
|
|
|d 1979
|
| 215 |
|
|
|a 416 с.
|c ил.
|
| 320 |
|
|
|a Библиогр.: с. 384-400
|
| 320 |
|
|
|a Указ. имен: с. 401-406
|
| 320 |
|
|
|a Предм. указ.: с. 407-413
|
| 461 |
|
1 |
|0 (RuTPU)RU\TPU\retro\23443
|t Геофизика океана
|o в 2 т.
|f Академия наук СССР, Институт океанологии им. П. П. Ширшова
|v Т.2 : Геодинамика
|d 1979
|s Океанология
|
| 606 |
1 |
|
|a Океаны
|x Геология
|2 stltpush
|3 (RuTPU)RU\TPU\subj\46871
|9 65964
|
| 610 |
1 |
|
|a геодинамика
|
| 610 |
1 |
|
|a Земля
|
| 610 |
1 |
|
|a состав
|
| 610 |
1 |
|
|a строение
|
| 610 |
1 |
|
|a тепловая энергия
|
| 610 |
1 |
|
|a тектоническая активность
|
| 610 |
1 |
|
|a литосферные плиты
|
| 610 |
1 |
|
|a земная кора
|
| 610 |
1 |
|
|a происхождение
|
| 610 |
1 |
|
|a атмосфера
|
| 610 |
1 |
|
|a геосинклиналии
|
| 610 |
1 |
|
|a палеогеодинамика
|
| 675 |
|
|
|a 551.35
|v 4
|
| 702 |
|
1 |
|a Сорохтин
|b О. Г.
|4 340
|
| 801 |
|
1 |
|a RU
|b 63413507
|c 20220128
|
| 942 |
|
|
|c BK
|